| 000 | 00600cam a22002051 4500 | ||
|---|---|---|---|
| 082 |
_a628.8 _a697.93* _bTRA |
||
| 110 | 2 |
_aTrane Company. _941868 |
|
| 245 | 1 | 0 | _aTrane air conditioning manual. |
| 250 | _a[Rev.] | ||
| 260 |
_aLa Crosse, Wis. _c[1955] |
||
| 300 |
_a380 p. _billus. _c29 cm. |
||
| 526 |
_a0 _b0 _c0 _d628_800000000000000_TRA |
||
| 526 |
_a0 _b0 _c0 _d628_800000000000000_TRA |
||
| 526 |
_a0 _b0 _c0 _d628_800000000000000_TRA |
||
| 526 |
_a0 _b0 _c0 _d697_930000000000000_TRA |
||
| 650 | 0 |
_aAir conditioning _919032 |
|
| 650 | 0 |
_aHygrometry. _945735 |
|
| 650 | 0 |
_aMCE _9379 |
|
| 942 |
_2ddc _cBK |
||
| 999 |
_c549192 _d549192 |
||